何く? - Statistics

General Stats
  • This quiz has been taken 29 times
  • The average score is 5 of 15
Answer Stats
Hint Answer % Correct
1×1〜9×9までの掛け算 九九
100%
皇居や東京駅、国会議事堂などのある東京の区 千代田区
89%
仏教に由来する言葉で、人間が避けて通れない根源的な苦しみに、さらに4つの苦しみを加えた8つの苦しみのこと 四苦八苦
75%
タミヤが発売している小型の動力付き自動車模型 ミニ四駆
54%
文章や言葉のひと区切り、あるいは意味を持つ語のまとまり
46%
安政5年から安政6年にかけて江戸幕府が行った弾圧 安政の大獄
46%
佐賀県中央部にある市で、かつて三菱鉱業古賀山炭鉱などを中心に栄えた 多久
29%
大事に育てる、面倒を見るといった意味のある古文用語 かしづく
14%
名寄市にある宗谷本線の駅 智北
4%
漫画「ピンポン」の佐久間学のセリフのうちネットミームとして定着したものの一つ 少し泣く
4%
地盤の隆起速度よりも河川の下方浸食力が勝ることで、山地が形成される前からあった流路を維持し、深い谷を刻んだ地形 先行谷
0%
トルコ語で馬鹿を意味する言葉 サラク
0%
前漢から宋代まで約1000年間、現在のカシュガル地方にあったオアシス国家、天山南路の要衝にあり、唐代には安西四鎮の一つであった 疏勒
0%
中国北西部、新疆ウイグル自治区西部の地区 阿克蘇地区
0%
ナチス・ドイツの歴史資料館があるドイツ南東部のリゾート地 オーバーザルツベルク
0%
No matching quizzes found
Score Distribution
Percent of People with Each Score
Percentile by Number Answered
Your Score History
You have not taken this quiz